00892nam a22001697a 4500003000900000005001700009008004100026040001300067245016900080250001100249260003700260300001800297520027800315942001200593999001700605952010000622IT-RoPau20220918181103.0130410b xxu||||| |||| 00| 0 eng d cIT-RoPau aMaria nos precede en el camino de la fe y la misiónbCarta del P. Renato Perino, SSP para la animación espiritual de las comunidades en el Ano Mariano 1987-1988 a1° ed aRomabCasa Generalicia SSPc1987 a60 pp.c21 cm aSumario Presentacion Siglas Introduccion I. Doctrina y espiritualidad mariana del P. Alberione II. Impulsos para un despertar mariano Conclusion Notas Subsidios para la animación: 1. Propuestas para un plan de animación mariana 2. Pauta de variaciones para el Rosario 2ddccBK c98343d98343 00102ddc406P_C571aPAULUSbPAULUSd2013-04-10l0oP C5r2013-04-10 00:00:00w2013-04-10yBK